000 01128nam a22002537a 4500
003 OSt
005 20230914084154.0
008 230913s2019 mx a|||frm||| 001 0 spa d
040 _aCHAP
090 _aTesis
100 1 _9187936
_aGodínez Hernández, Néstor Alberto
245 1 0 _aCondición de agostadero y cobertura de suelo en el Rancho Laguna Seca Charcas San Luis Potosí /
_cpor Néstor Alberto Godínez Hernández ; director de tesis Luis Octavio Negrete Sánchez.
264 1 _aSan Luis Potosí :
_bEl autor,
_c2019.
300 _axi,30 hojas:
_bcuadros, figuras.
336 _atexto
_2rdacontenido
_btxt
337 _asinmedio
_2rdamedia
_bn
338 _avolumen
_2rdacarrier
_bnc
502 _aTesis (Ingeniero Agrónomo Zootecnia) .-- Universidad Autónoma de San Luis Potosí. Facultad de Agronomía y Veterinaria.
504 _aIncluye índice bibliográfico : 23-24.
650 4 _9124874
_aMonitoreo de la vegetación
650 4 _9144642
_aPastoreo
_x Administración
700 1 _980720
_aNegrete Sánchez, Luis Octavio
_eDirector de tesis.
942 _2Clasificación Universidad Autónoma Chapingo
_cTESIS
999 _c219146
_d219146